Science Quiz

Random Science or Spanish Quiz
Score 0/43 Timer 10:00
0 Plays Today
Hint Answer % Correct
mouthla boca
95.7%
tonguela lengua
82.9%
anusel ano
54.3%
stomachel estómago
50%
oral cavityla cavidad oral
45.7%
liverel hígado
45.7%
pancreasel pancreas
44.3%
plaquela placa
41.4%
glottisla glotis
41.4%
appendixel apéndice
40%
salivala salíva
38.6%
anal canalel canal anal
35.7%
tracheala tráquea
35.7%
epiglottisla epiglotis
32.9%
pharynxla faringe
28.6%
ascending colonel colon ascendente
28.6%
transverse colonel colon transverso
28.6%
large intestineel intestino grueso
28.6%
cavitiesla caries
28.6%
esophagusel esófago
27.1%
small intestineel intestino delgado
25.7%
gallbladderla vesícula biliar
25.7%
Hint Answer % Correct
descending colonel colon descendente
25.7%
sigmoidal colonel colon sigmoide
25.7%
jejunumel yeyuno
25.7%
sublingual glandla glándula sublingual
21.4%
parotid glandla glándula parótida
21.4%
amylasela amilasa
21.4%
submandibular glandla glándula submandibular
18.6%
duodenumel duodeno
18.6%
enamelel esmalte
17.1%
cecumel siego
15.7%
Masseter muscleel músculo masetero
12.9%
bolus of foodel bolo de comida
11.4%
parotid ductel conducto parotídeo
10%
common bile ductel conducto biliar común
10%
pancreatic ductel conducto pancreático
10%
ileum of small intestineel íleon del intestino delgado
10%
gastroesophageal sphincterel esfínter gastroesofágico
7.1%
peristaltic contractionla contracción peristáltica
7.1%
external anal sphincterel esfínter externo del ano
7.1%
soft palateel velo del paladar
5.7%
pyloric sphincterel esfínter pílorico
4.3%
Remove Ads.
Support Sporcle.
Get the best of Sporcle when you Go Orange. This ad-free experience offers more features, more stats, and more fun while also helping to support Sporcle. Thank you for becoming a member.

You're not logged in!

Compare scores with friends on all Sporcle quizzes.
OR
Log In

Sporcle TV

Today on Sporcle TV


Watch our educational content, quiz creation guides, and fun videos on Sporcle TV.

Show Comments

Extras

Top Quizzes Today


Score Distribution

Paid Content

Your Account Isn't Verified!

In order to create a playlist on Sporcle, you need to verify the email address you used during registration. Go to your Sporcle Settings to finish the process.

Report this User

Report this user for behavior that violates our Community Guidelines.

Details: